| Record ID | talis_openlibrary_contribution/talis-openlibrary-contribution.mrc:3067158310:498 |
| Source | Talis |
| Download Link | /show-records/talis_openlibrary_contribution/talis-openlibrary-contribution.mrc:3067158310:498?format=raw |
LEADER: 00498cam a22001572a 4500
001 bcc94df3ac264b47be4e105c1e1ac3bf
003 UK-BiTAL
005 20050706040821.0
008 940525s1968 xxk | 000 ||eng|d
035 $a()w8036948
040 $dLB$dUK-BiTAL
100 1 $aMoore, Henry,$d1898-1986.
245 00 $aHenry Moore :$bcatalogue of an exhibition at the Tate Gallery, 1968 /$cby David Sylvester.
250 $a2nd ed.
260 $bArts Council of Great Britain,$c1968.
700 1 $aSylvester, David,$d1924-